Normal view
MARC view
- القضية الفلسطينية- صبرا وشاتيلا- الفلسطينون في لبنان - تاريخ الغزو الاسرائيلي للبنان عام1982
Entry Topical Term
001 - CONTROL NUMBER
- control field: 39858
003 - CONTROL NUMBER IDENTIFIER
- control field: JO-AjAnu
005 - DATE AND TIME OF LATEST TRANSACTION
- control field: 20230606080626.0
008 - FIXED-LENGTH DATA ELEMENTS
- fixed length control field: 230606|| aca||aabn | a|a d
040 ## - CATALOGING SOURCE
- Original cataloging agency: JO-AjAnu
- Transcribing agency: JO-AjAnu
150 ## - HEADING--TOPICAL TERM
- Topical term or geographic name entry element: القضية الفلسطينية- صبرا وشاتيلا- الفلسطينون في لبنان - تاريخ الغزو الاسرائيلي للبنان عام1982
670 ## - SOURCE DATA FOUND
- Source citation: Work cat.: (JO-AjAnu)20436: تاليف طلاس، مصطفى, author 39857, التقرير الكامل للجنة كاهان الصهيونية حول مذبحة صبر وشاتيلا